000 01106nam0a22002771 4500
001 rc\4373161
005 20260503054902.0
021 _aRU
_b[68-47385]
035 _a(NLR Aleph) 008542139
090 _a8353731
_c8353731
100 _a20130416d1968 |||y0rusy50 ca
101 0 _arus
102 _aRU
105 _aa z |||||
200 1 _aАвтоматизированный расчет прямоугольных плит на упругом основании
_fГипротис. НИИОснований
210 _aМосква
_cСтройиздат
_d1968
215 _a208 с.
_cчерт.
_d20
320 _aБиблиогр.: с. 203-208 (114 назв.)
606 _aПлиты на упругом основании
_xРасчет на счетных машинах
_2psbo
700 1 _aГорлов
_bА. М.
_f1931-
_gАлександр Моисеевич
_3RU\NLR\AUTH\770129565
_9129534
701 1 _aСеребряный
_bР.В.
_gРудольф Вениаминович
801 0 _aRU
_bNLR
_gpsbo
801 1 _aRU
_bELAR
_2rusmarc
852 _aNLR
_j68-3/3918
942 _cBOOK
980 _aNB